[Event "Reunion op 10th"]
[Site "St Denis"]
[Date "2008.10.13"]
[Round "4"]
[White "Ah Soune, Claudia"]
[Black "Pretet, Thierry"]
[Result "0-1"]
[WhiteElo "1270"]
[BlackElo "1499"]
[PlyCount "114"]
[EventDate "2008.10.11"]
[EventType "swiss"]
[EventRounds "9"]
[EventCountry "RUF"]
[SourceTitle "EXT 2009"]
[Source "ChessBase"]
[SourceDate "2008.11.26"]
[SourceVersion "1"]
[SourceVersionDate "2008.11.26"]
[SourceQuality "1"]

1. e4 e5 2. Nf3 d6 3. Bc4 Nd7 4. d3 Be7 5. 0-0 Ngf6 6. Nc3 0-0 7. Bg5 c6 8. a3 b5 9. Bb3 Bb7 10. a4 bxa4 11. Rxa4 Nb6 12. Ra1 Nfd7 13. Bxe7 Qxe7 14. d4 Rfd8 15. d5 cxd5 16. Nxd5 Nxd5 17. Bxd5 Nc5 18. Bxb7 Qxb7 19. Ng5 h6 20. b4 Qxb4 21. Rb1 Qa4 22. Ra1 Qc6 23. Nf3 Nxe4 24. Nd2 Nxd2 25. Qxd2 d5 26. Rfe1 e4 27. Qd4 a6 28. Re3 Rd6 29. h3 a5 30. Rg3 Rg6 31. Raa3 Kh7 32. h4 Rxg3 33. Rxg3 f6 34. Qe3 Qxc2 35. Qf4 Qd1+ 36. Kh2 Qh5 37. Qc7 Qxh4+ 38. Kg1 Rg8 39. Qf7 Qf4 40. Qg6+ Kh8 41. Rg4 Qc1+ 42. Kh2 Qc7+ 43. g3 a4 44. Kh3 a3 45. Rh4 a2 46. Kg4 a1Q 47. f4 exf3 48. Kxf3 Qac3+ 49. Kg2 Qc2+ 50. Kh3 Qxg6 51. Rg4 Qd7 52. Kg2 Qgxg4 53. Kf2 Qd6 54. Ke1 Qdxg3+ 55. Kd2 Q4f3 56. Kc1 Qgg2 57. Kb1 Qff1# 0-1